00951cam a2200277 a 450000100100000000500170001000800410002702000150006804000200008308200190010310000400012224500710016226000340023330000210026749000230028849000310031150000320034265000280037465000300040283000600043291000280049291000070052004900090052795201220053699900150065800000980720200929161719.0940822s2000 mx 000 p spa d a9681903811 aDO-SdBNPcBNPHU aU861.44bB462i1 aBenedetti, Mario,d1920-200991195910aInventario II :bpoesía completa (1986-1991) /cMario Benedetti. aMéxico :bAlfaguara,c2000. a477 p. ;c20 cm.1 aAlfaguara bolsillo1 aBiblioteca Mario Benedetti aCuarta reimpresión, 2000. 4aPoesía uruguaya93846 4aLiteratura uruguaya93054 0aAlfaguara bolsillo.pBiblioteca Mario Benedetti.924711 aCatalogación derivada aWM aBNGR 001052708MOaGRbGRcHDd2009-10-01iLF1l0oU861.44 B462ip9807-10r2020-06-25w2020-06-25y2ZPréstamo interno c9566d9566